US Presidents by Picture Quiz Stats

 Plays Quiz Updated Jan 20, 2017

Also try: US Presidents
Challenge
Share
Tweet
Score 0/44 Timer 05:00
2 Plays Today
President % Correct
George Washington
98.2%
John F. Kennedy
96.5%
Richard Nixon
94.5%
George H.W. Bush
93.6%
Bill Clinton
93.6%
George W. Bush
89.1%
Barack Obama
88.9%
Abraham Lincoln
88.4%
Ronald Reagan
84.4%
Donald Trump
78.4%
Franklin D. Roosevelt
78.2%
Theodore Roosevelt
76.6%
Jimmy Carter
75.5%
William Howard Taft
72%
Gerald Ford
71.7%
Ulysses S. Grant
71%
Dwight D. Eisenhower
69.2%
Lyndon B. Johnson
68.9%
John Adams
67.6%
Harry Truman
65.7%
James Madison
64.6%
Thomas Jefferson
60.9%
President % Correct
Woodrow Wilson
59%
Andrew Jackson
58.5%
Grover Cleveland
57.8%
Herbert Hoover
56.8%
Calvin Coolidge
50.1%
Martin Van Buren
49.3%
John Tyler
48%
James Monroe
45.6%
Andrew Johnson
43.9%
John Quincy Adams
43.3%
James Buchanan
43.2%
Zachary Taylor
43.2%
James K. Polk
42.8%
James Garfield
41.2%
Rutherford B. Hayes
41.1%
Warren G. Harding
39.5%
Benjamin Harrison
38%
Franklin Pierce
37.1%
Millard Fillmore
36.8%
William McKinley
36.5%
William Henry Harrison
35.4%
Chester A. Arthur
34.2%

You're not logged in!

Compare scores with friends on all Sporcle quizzes.
Join for Free
OR
Log In

You Might Also Like...

Show Comments

Extras

Top Quizzes Today


Score Distribution

Your Account Isn't Verified!

In order to create a playlist on Sporcle, you need to verify the email address you used during registration. Go to your Sporcle Settings to finish the process.

Report this User

Report this user for behavior that violates our Community Guidelines.

Details: